000 00259nam a2200097Ia 4500
082 _aK RIC
245 0 _aTalks with the sun
100 _a RAMAANO, Mpho Limpopo, South Africa, 2005
_977723
942 _cBK
008 210817s9999 xx 000 0 und d
999 _c267168
_d267167